Billie Eilish - Chansons de l'album HIT ME HARD AND SOFT - Statistiques

Statistiques générales
  • Ce quiz a été pris 68 fois
  • Le résultat moyen est 9 sur 10
Statistiques - réponses
Hint Réponse % Correct
HIT ME HARD AND SOFT 5 WILDFLOWER
93%
HIT ME HARD AND SOFT2 10 BLUE
90%
HIT ME HARD AND SOFT 2 LUNCH
90%
HIT ME HARD AND SOFT 1 SKINNY
90%
HIT ME HARD AND SOFT 3 CHIHIRO
87%
HIT ME HARD AND SOFT2 7 L'AMOUR DE MA VIE
87%
HIT ME HARD AND SOFT2 8 THE DINER
83%
HIT ME HARD AND SOFT 4 BIRDS OF A FEATHER
82%
HIT ME HARD AND SOFT2 6 THE GREATEST
82%
HIT ME HARD AND SOFT2 9 BITTERSUITE
75%
Aucun quiz correspondant
Distribution des résultats
% des personnes avec chaque résultat
Percentile par nombre de réponses
Votre historique - résultats
Vous n’avez pas pris ce quiz